[Event "Montcalm 4 2020-21 Online"]
[Site "Quebec CAN"]
[Date "2021.04.15"]
[Round "5"]
[White "Auger, Bertrand"]
[Black "Dumont, Eric"]
[Result "1-0"]
[WhiteElo "1909"]
[BlackElo "1760"]
[PlyCount "98"]
[EventDate "2021.03.18"]
[EventType "swiss"]
[EventRounds "5"]
[EventCountry "CAN"]

1. Nf3 d5 2. g3 Nf6 3. Bg2 c6 4. b3 Bf5 5. Bb2 Nbd7 6. d3 e6 7. Nbd2 Be7 8. O-O
O-O 9. c4 h6 10. Qc2 Re8 11. a3 Bf8 12. Ne5 Nxe5 13. Bxe5 Ng4 14. Bb2 e5 15. e4
dxe4 16. dxe4 Bh7 17. h3 Nf6 18. Rad1 Qc7 19. c5 Nd7 20. b4 b5 21. cxb6 axb6
22. Nc4 f6 23. Ne3 Ra7 24. Rc1 Rc8 25. Rfd1 Kh8 26. Bf1 Bg8 27. Nc4 c5 28. b5
Rd8 29. Rd2 Be7 30. Rcd1 Raa8 31. Ne3 Qb7 32. Nd5 Nf8 33. f4 Ne6 34. fxe5 Rxd5
35. exd5 Nd4 36. Rxd4 fxe5 37. R4d2 Bd6 38. Qg6 Qc7 39. Bd3 c4 40. Be4 Qc5+ 41.
Rf2 c3 42. Bc1 Rf8 43. Rdf1 Rf6 44. Qg4 Qd4 45. Kg2 Rxf2+ 46. Rxf2 Bc5 47. Rf1
Qc4 48. Qf3 Qa2+ 49. Kh1 Qb3 1-0

[Event "Montcalm 4 2020-21 Online"]
[Site "Quebec CAN"]
[Date "2021.04.15"]
[Round "5"]
[White "Diotte, Jean-Raymond"]
[Black "Servant, Michel"]
[Result "0-1"]
[WhiteElo "1393"]
[BlackElo "1676"]
[PlyCount "64"]
[EventDate "2021.03.18"]
[EventType "swiss"]
[EventRounds "5"]
[EventCountry "CAN"]

1. e4 c5 2. Nf3 e6 3. d4 cxd4 4. Nxd4 a6 5. c3 Qc7 6. Nd2 Nf6 7. Bd3 Be7 8.
N2f3 b5 9. Be3 Bb7 10. Qc2 d6 11. Rc1 Nbd7 12. h3 Rc8 13. O-O Nc5 14. Ng5 h6
15. Nxb5 axb5 16. Bxb5+ Bc6 17. Bxc6+ Qxc6 18. e5 dxe5 19. Nf3 Bd6 20. Rfe1 O-O
21. Rcd1 Rfd8 22. Qc1 e4 23. Nd4 Qc7 24. Bxh6 Bh2+ 25. Kf1 Qe5 26. Nf3 Rxd1 27.
Qxd1 Qf5 28. Nxh2 gxh6 29. Re3 Nd3 30. Rg3+ Kh7 31. Qe2 Qf4 32. Ng4 Qc1+ 0-1

[Event "Montcalm 4 2020-21 Online"]
[Site "Quebec CAN"]
[Date "2021.04.15"]
[Round "5"]
[White "Dube, Daniel"]
[Black "Oliver, Vance"]
[Result "1-0"]
[WhiteElo "1706"]
[BlackElo "1650"]
[PlyCount "77"]
[EventDate "2021.03.18"]
[EventType "swiss"]
[EventRounds "5"]
[EventCountry "CAN"]

1. Nf3 Nf6 2. c4 e6 3. g3 d5 4. d4 Be7 5. Bg2 O-O 6. O-O b6 7. cxd5 exd5 8. Nc3
Bb7 9. Bf4 Nbd7 10. Nb5 c6 11. Nd6 Bxd6 12. Bxd6 Re8 13. Rc1 Nf8 14. Bf4 Ng6
15. Bg5 h6 16. Bxf6 Qxf6 17. b4 Rac8 18. h4 h5 19. Ng5 Nf8 20. e4 g6 21. e5 Qe7
22. Bh3 Rc7 23. a3 Bc8 24. Bxc8 Rcxc8 25. Rc3 Rc7 26. g4 hxg4 27. Qxg4 Ne6 28.
Kg2 Kg7 29. Rf3 Rf8 30. Rf6 Nxg5 31. hxg5 Rh8 32. Rh1 Rxh1 33. Kxh1 c5 34. bxc5
bxc5 35. e6 Qf8 36. dxc5 Qh8+ 37. Kg2 Rb7 38. Qd4 Qe8 39. Rxf7+ 1-0

[Event "Montcalm 4 2020-21 Online"]
[Site "Quebec CAN"]
[Date "2021.04.15"]
[Round "5"]
[White "Genest, Dominic"]
[Black "Fecteau, Martin"]
[Result "0-1"]
[WhiteElo "1785"]
[BlackElo "1929"]
[PlyCount "74"]
[EventDate "2021.03.18"]
[EventType "swiss"]
[EventRounds "5"]
[EventCountry "CAN"]

1. c4 e5 2. g3 Nf6 3. Bg2 Bc5 4. Nc3 a6 5. e3 Nc6 6. Nge2 d6 7. O-O O-O 8. d4
Ba7 9. a3 Re8 10. b4 exd4 11. exd4 h6 12. c5 Ne7 13. Nf4 d5 14. Re1 c6 15. Nh5
Nxh5 16. Qxh5 Ng6 17. Bd2 Be6 18. h3 Qf6 19. Be3 Rad8 20. Bf3 Bb8 21. Bg4 Bxg4
22. hxg4 Qf3 23. Qh3 Re6 24. Kh2 Rde8 25. Rh1 Nf8 26. Rae1 Nd7 27. Nd1 Nf6 28.
g5 Ng4+ 29. Kg1 Rxe3 30. Rxe3 Rxe3 31. fxe3 Qxd1+ 32. Qf1 Qxf1+ 33. Kxf1 hxg5
34. Ke2 Nf6 35. Rg1 Ne4 36. g4 g6 37. Rf1 Ng3+ 0-1

[Event "Montcalm 4 2020-21 Online"]
[Site "Quebec CAN"]
[Date "2021.04.15"]
[Round "5"]
[White "Marquis, Paul"]
[Black "Bolduc, Steve"]
[Result "1/2-1/2"]
[WhiteElo "1946"]
[BlackElo "2225"]
[PlyCount "121"]
[EventDate "2021.03.18"]
[EventType "swiss"]
[EventRounds "5"]
[EventCountry "CAN"]

1. c4 e6 2. g3 d5 3. Bg2 c5 4. Nf3 Nc6 5. b3 d4 6. d3 Bd6 7. O-O Nf6 8. Bg5 h6
9. Bxf6 Qxf6 10. Nbd2 Qe7 11. e3 O-O 12. a3 a5 13. Qc2 e5 14. Ne4 Bc7 15. exd4
exd4 16. Rfe1 Be6 17. Nh4 g5 18. Qd2 Kg7 19. Nf3 Rae8 20. Qb2 f5 21. Ned2 Qf6
22. b4 axb4 23. Nb3 Bd6 24. axb4 Nxb4 25. Red1 g4 26. Nh4 Bc8 27. Ra5 b6 28.
Ra7+ Re7 29. Rxe7+ Bxe7 30. Bf1 Bb7 31. Bg2 Bxg2 32. Nxg2 Bd6 33. Qe2 Qe5 34.
Qd2 Ra8 35. Nc1 Qf6 36. Re1 Qf7 37. Rd1 Nc6 38. Ne2 Ne5 39. Ne1 Qa7 40. Rc1 Qa5
41. Qc2 Qa2 42. Qd1 Qa4 43. Qd2 Qc6 44. Nf4 Nf3+ 45. Nxf3 Qxf3 46. Nd5 Re8 47.
Rc2 b5 48. Nb6 b4 49. Nd5 Ra8 50. Ra2 Ra3 51. Rxa3 bxa3 52. Qa5 Qxd3 53. Qd8
Qb1+ 54. Kg2 Qe4+ 55. Kg1 a2 56. Qf6+ Kg8 57. Qg6+ Kf8 58. Qxd6+ Kg8 59. Qg6+
Kf8 60. Qf6+ Kg8 61. Qg6+ 1/2-1/2

[Event "Montcalm 4 2020-21 Online"]
[Site "Quebec CAN"]
[Date "2021.04.15"]
[Round "5"]
[White "Sauve, Richard"]
[Black "Labrecque, Rejean"]
[Result "1-0"]
[WhiteElo "1935"]
[BlackElo "1773"]
[PlyCount "97"]
[EventDate "2021.03.18"]
[EventType "swiss"]
[EventRounds "5"]
[EventCountry "CAN"]

1. d4 Nf6 2. c4 g6 3. Nc3 Bg7 4. e4 d6 5. f3 Nbd7 6. Be3 O-O 7. Qd2 Re8 8.
O-O-O a5 9. h4 a4 10. Nge2 h5 11. Nf4 e5 12. Nh3 exd4 13. Bxd4 Ne5 14. Be2 Be6
15. Bxe5 dxe5 16. Qxd8 Rexd8 17. Rxd8+ Rxd8 18. Ng5 Bh6 19. Rd1 Rxd1+ 20. Kxd1
Bd7 21. Ke1 Ne8 22. c5 Bxg5 23. hxg5 b6 24. cxb6 cxb6 25. Bb5 Bxb5 26. Nxb5 Kf8
27. Kd2 Ke7 28. Kc3 Ng7 29. Kb4 Ne6 30. Nc3 Kd6 31. Kb5 Nc5 32. Nd5 Nd3 33.
Nxb6 Nxb2 34. Nc4+ Nxc4 35. Kxc4 Ke6 36. Kb4 h4 37. Kxa4 f6 38. gxf6 Kxf6 39.
Kb5 g5 40. a4 g4 41. fxg4 Kg5 42. a5 Kxg4 43. a6 Kg3 44. a7 Kxg2 45. a8=Q h3
46. Qg8+ Kh1 47. Qg3 h2 48. Qxe5 Kg2 49. Qxh2+ 1-0

[Event "Montcalm 5 2020-21 Online"]
[Site "Quebec CAN"]
[Date "2021.04.22"]
[Round "1"]
[White "Auger, Bertrand"]
[Black "Dube, Daniel"]
[Result "0-1"]
[WhiteElo "1872"]
[BlackElo "1720"]
[PlyCount "92"]
[EventDate "2021.04.22"]
[EventType "tourn"]
[EventRounds "6"]
[EventCountry "CAN"]

1. Nf3 Nf6 2. g3 g6 3. b4 Bg7 4. Bb2 d5 5. Bg2 Qd6 6. a3 a5 7. Be5 Qd8 8. b5
Nbd7 9. Bb2 O-O 10. O-O Re8 11. c4 dxc4 12. Qc2 Nb6 13. Ne5 Bf5 14. e4 Be6 15.
a4 Nfd7 16. Nf3 Bxb2 17. Qxb2 Nc5 18. Nc3 h6 19. Rfe1 Nd3 20. Qc2 Nxe1 21. Rxe1
Bg4 22. Ne5 Be6 23. Re3 Qd6 24. f4 Rad8 25. Nf3 Bg4 26. Ne5 Be6 27. Nf3 Qc5 28.
Kh1 Rd3 29. Rxd3 cxd3 30. Qxd3 Qd6 31. Qc2 c5 32. f5 Bc4 33. fxg6 fxg6 34. e5
Qd3 35. Qxd3 Bxd3 36. Ne1 Rd8 37. Bxb7 Bc4 38. Nf3 Bb3 39. Bc6 Bxa4 40. Ne4 Bd1
41. Nh4 g5 42. Nf5 Bf3+ 43. Kg1 Bxe4 44. Bxe4 Rxd2 45. Nxe7+ Kf7 46. Nf5 Ke6
0-1

[Event "Montcalm 5 2020-21 Online"]
[Site "Quebec CAN"]
[Date "2021.04.26"]
[Round "1"]
[White "Bolduc, Steve"]
[Black "Dumont, Eric"]
[Result "1-0"]
[WhiteElo "2212"]
[BlackElo "1769"]
[PlyCount "81"]
[EventDate "2021.04.22"]
[EventType "tourn"]
[EventRounds "6"]
[EventCountry "CAN"]

1. d4 d5 2. c4 c6 3. Nc3 Nf6 4. Nf3 g6 5. e3 Bg7 6. Be2 dxc4 7. Bxc4 b5 8. Bb3
O-O 9. O-O a5 10. a3 Ba6 11. Re1 Nbd7 12. e4 e6 13. e5 Nd5 14. Ne4 N7b6 15. Bg5
Qc7 16. Rc1 h6 17. Bd2 b4 18. axb4 axb4 19. Qc2 Bb7 20. h4 Ra5 21. h5 Qe7 22.
Nc5 gxh5 23. Qe4 Rxc5 24. dxc5 Nd7 25. Bxb4 Rb8 26. Ba3 Nf8 27. Qh4 Qc7 28.
Bxd5 Ng6 29. Qa4 exd5 30. Re3 Nxe5 31. Nxe5 Bxe5 32. Rce1 Ra8 33. Qh4 Bg7 34.
Re7 Qa5 35. Bb4 Qa6 36. Qxh5 Rf8 37. Bd2 Qd3 38. Bxh6 Ba6 39. Bxg7 Kxg7 40.
R7e3 Rh8 41. Qe5+ 1-0

[Event "Montcalm 5 2020-21 Online"]
[Site "Quebec CAN"]
[Date "2021.04.22"]
[Round "1"]
[White "Marquis, Paul"]
[Black "Sauve, Richard"]
[Result "1/2-1/2"]
[WhiteElo "1938"]
[BlackElo "1968"]
[PlyCount "73"]
[EventDate "2021.04.22"]
[EventType "tourn"]
[EventRounds "6"]
[EventCountry "CAN"]

1. e4 e6 2. d3 d5 3. Nd2 Nf6 4. Ngf3 c5 5. g3 Nc6 6. Bg2 Be7 7. O-O O-O 8. e5
Nd7 9. Re1 Qc7 10. Qe2 b5 11. a4 b4 12. Nf1 a5 13. h4 Ba6 14. Bf4 Nd4 15. Nxd4
cxd4 16. b3 Rac8 17. Rac1 Qc3 18. Qg4 Rfd8 19. Bh6 g6 20. h5 Qb2 21. hxg6 hxg6
22. Bxd5 Nf8 23. Bc4 Bxc4 24. bxc4 b3 25. cxb3 Qxb3 26. Qd1 Rb8 27. Rb1 Qxd1
28. Rexd1 Nd7 29. Bd2 Rxb1 30. Rxb1 Nxe5 31. Bxa5 Ra8 32. Bb6 Rxa4 33. Nd2 Nxd3
34. Bxd4 Ra8 35. Rb7 Bc5 36. Bxc5 Nxc5 37. Rc7 1/2-1/2

[Event "Montcalm 5 2020-21 Online"]
[Site "Quebec CAN"]
[Date "2021.04.22"]
[Round "1"]
[White "Oliver, Vance"]
[Black "Fecteau, Martin"]
[Result "1/2-1/2"]
[WhiteElo "1633"]
[BlackElo "1992"]
[PlyCount "97"]
[EventDate "2021.04.22"]
[EventType "tourn"]
[EventRounds "6"]
[EventCountry "CAN"]

1. Nf3 c5 2. g3 d5 3. Bg2 Nc6 4. d3 e5 5. Nbd2 Nf6 6. O-O Bd6 7. c4 d4 8. Ng5
O-O 9. Nge4 Nxe4 10. Nxe4 Be7 11. a3 a5 12. f4 f5 13. Nf2 Be6 14. fxe5 Qb6 15.
Nh3 Kh8 16. Nf4 Bg8 17. e6 Qd8 18. Qe1 g5 19. Nd5 Bxe6 20. Nxe7 Qxe7 21. Qd2
Rg8 22. Qe1 Ne5 23. Bd2 Qc7 24. Qc1 h6 25. b4 axb4 26. axb4 Rxa1 27. Qxa1 b6
28. bxc5 Qxc5 29. Kh1 Kh7 30. Qa7+ Rg7 31. Qa4 Ng4 32. Qc6 Bd7 33. Qxc5 bxc5
34. Bd5 Re7 35. Bf3 Ne5 36. Kg1 Nxf3+ 37. exf3 Ba4 38. Rc1 Re2 39. Ba5 Bc6 40.
Rf1 g4 41. Rf2 Bxf3 42. Kf1 Re6 43. Bd2 Kg6 44. Bf4 h5 45. Rb2 Ra6 46. Rd2 Ra1+
47. Kf2 Rh1 48. h4 Rh2+ 49. Ke1 1/2-1/2

[Event "Montcalm 5 2020-21 Online"]
[Site "Quebec CAN"]
[Date "2021.04.29"]
[Round "2"]
[White "Bolduc, Steve"]
[Black "Auger, Bertrand"]
[Result "1-0"]
[WhiteElo "2212"]
[BlackElo "1872"]
[PlyCount "43"]
[EventDate "2021.04.22"]
[EventType "tourn"]
[EventRounds "6"]
[EventCountry "CAN"]

1. d4 Nf6 2. c4 e6 3. Nc3 Bb4 4. Nf3 O-O 5. Bg5 h6 6. Bh4 b6 7. e3 Bb7 8. Bd3
c5 9. a3 Bxc3+ 10. bxc3 d6 11. O-O Nbd7 12. Nd2 Qc7 13. f4 Nh7 14. f5 e5 15. f6
g5 16. Qh5 Ndxf6 17. Qxh6 e4 18. Rxf6 exd3 19. Bxg5 Rae8 20. Raf1 Be4 21. h4
Qd7 22. R1f4 1-0

[Event "Montcalm 5 2020-21 Online"]
[Site "Quebec CAN"]
[Date "2021.04.29"]
[Round "2"]
[White "Dube, Daniel"]
[Black "Oliver, Vance"]
[Result "1-0"]
[WhiteElo "1720"]
[BlackElo "1633"]
[PlyCount "75"]
[EventDate "2021.04.22"]
[EventType "tourn"]
[EventRounds "6"]
[EventCountry "CAN"]

1. Nf3 Nf6 2. c4 g6 3. Nc3 Bg7 4. g3 d6 5. Bg2 O-O 6. O-O Nc6 7. Rb1 a6 8. b4
Rb8 9. a4 e5 10. d3 Bd7 11. b5 Ne7 12. Qb3 h5 13. Ba3 c5 14. e3 Nh7 15. Ne4 Nf5
16. Rfd1 Qe7 17. Bb2 g5 18. h3 g4 19. hxg4 hxg4 20. Nh2 Nh6 21. Nc3 f5 22. Nd5
Qf7 23. d4 Ng5 24. f4 Ne4 25. Nf1 Be6 26. dxe5 dxe5 27. fxe5 Rfd8 28. Rbc1 Ng5
29. Nh2 Ne4 30. Bxe4 fxe4 31. Rf1 Qh5 32. Nf4 Qe8 33. Rcd1 Nf5 34. Kf2 Qf7 35.
Rd5 Rxd5 36. cxd5 Qd7 37. Nxe6 Qf7 38. Nf4 1-0

[Event "Montcalm 5 2020-21 Online"]
[Site "Quebec CAN"]
[Date "2021.04.29"]
[Round "2"]
[White "Dumont, Eric"]
[Black "Sauve, Richard"]
[Result "0-1"]
[WhiteElo "1769"]
[BlackElo "1968"]
[PlyCount "74"]
[EventDate "2021.04.22"]
[EventType "tourn"]
[EventRounds "6"]
[EventCountry "CAN"]

1. d4 d5 2. Bf4 Nf6 3. e3 c5 4. c3 Nc6 5. Nd2 Bf5 6. Qb3 Qd7 7. Bb5 c4 8. Qa4
e6 9. Ngf3 Bd6 10. Bxd6 Qxd6 11. Ne5 O-O 12. Bxc6 bxc6 13. Qxc6 Qxc6 14. Nxc6
Rfe8 15. f4 Kf8 16. O-O Rec8 17. Ne5 Ne4 18. Nxe4 Bxe4 19. g4 Ke7 20. Nf3 Rcb8
21. Nd2 Bd3 22. b4 cxb3 23. axb3 Bxf1 24. Kxf1 Rc8 25. c4 dxc4 26. bxc4 Rcb8
27. c5 a5 28. Nc4 Rb5 29. Nb6 Ra6 30. Ra2 a4 31. Ke2 Kd8 32. h4 Rb4 33. Kd3
Rb3+ 34. Ke4 a3 35. Nc4 Ra4 36. Ne5 Rb2 37. Nxf7+ Ke7 0-1

[Event "Montcalm 5 2020-21 Online"]
[Site "Quebec CAN"]
[Date "2021.04.29"]
[Round "2"]
[White "Fecteau, Martin"]
[Black "Marquis, Paul"]
[Result "1/2-1/2"]
[WhiteElo "1992"]
[BlackElo "1938"]
[PlyCount "97"]
[EventDate "2021.04.22"]
[EventType "tourn"]
[EventRounds "6"]
[EventCountry "CAN"]

1. d4 Nf6 2. Nf3 g6 3. c4 Bg7 4. Nc3 O-O 5. g3 d6 6. Bg2 a6 7. O-O Nc6 8. d5
Na5 9. Qd3 Bf5 10. e4 Bd7 11. b4 Nxe4 12. Nxe4 Bxa1 13. Bh6 Bg7 14. Bxg7 Kxg7
15. bxa5 h6 16. Nd4 f5 17. Nd2 Rf6 18. Re1 Rb8 19. N2b3 b6 20. axb6 cxb6 21.
Qe3 Rf7 22. Ne6+ Bxe6 23. Qxe6 Qc8 24. Qe2 b5 25. cxb5 axb5 26. Rc1 Qb7 27. Nd4
b4 28. Rc7 Qb6 29. Ne6+ Kg8 30. Qc4 Qb5 31. Rc8+ Kh7 32. Qc2 b3 33. axb3 Qxb3
34. Qxb3 Rxb3 35. h4 Rb1+ 36. Kh2 Rb2 37. f4 Ra2 38. Kh3 Ra3 39. Bf1 Rb3 40.
Ba6 Re3 41. Bb5 Rf6 42. Bd7 Rd3 43. Bc6 Re3 44. Bd7 Rd3 45. Re8 Rxd5 46. Rxe7+
Kh8 47. Re8+ Kh7 48. Re7+ Kh8 49. Re8+ 1/2-1/2

[Event "Montcalm 5 2020-21 Online"]
[Site "Quebec CAN"]
[Date "2021.05.06"]
[Round "3"]
[White "Auger, Bertrand"]
[Black "Dumont, Eric"]
[Result "1/2-1/2"]
[WhiteElo "1872"]
[BlackElo "1769"]
[PlyCount "100"]
[EventDate "2021.04.22"]
[EventType "tourn"]
[EventRounds "6"]
[EventCountry "CAN"]

1. Nf3 Nf6 2. g3 g6 3. b4 Bg7 4. Bb2 d5 5. Bg2 c6 6. O-O O-O 7. d3 Nbd7 8. Nbd2
Re8 9. c4 e5 10. b5 Rb8 11. Rb1 Qc7 12. Qc1 cxb5 13. cxd5 Nxd5 14. Ne4 Qb6 15.
a4 b4 16. Qc4 Nc7 17. Rfc1 Ne6 18. e3 a5 19. Rc2 h6 20. d4 exd4 21. Nxd4 Ne5
22. Qb5 Qd8 23. Nf3 Bd7 24. Qe2 Nxf3+ 25. Bxf3 Bxb2 26. Rbxb2 Bxa4 27. Rd2 Qe7
28. Ra2 b5 29. Rd7 Qf8 30. Nf6+ Kh8 31. Qb2 Ng7 32. Qd4 Re6 33. Rd2 b3 34. Qb2
b4 35. Ra7 Qc5 36. Rxf7 Re7 37. Rxe7 Qxe7 38. Nd5 Qc5 39. Nf4 Qc3 40. Nxg6+ Kh7
41. Qb1 Qxd2 42. Nf8+ Kg8 43. Qh7+ Kxf8 44. Qh8+ Kf7 45. Qxb8 b2 46. Qf4+ Kg8
47. Qc4+ Kf8 48. Qc5+ Kg8 49. Bd5+ Kh7 50. Be4+ Kg8 1/2-1/2

[Event "Montcalm 5 2020-21 Online"]
[Site "Quebec CAN"]
[Date "2021.05.06"]
[Round "3"]
[White "Marquis, Paul"]
[Black "Dube, Daniel"]
[Result "1/2-1/2"]
[WhiteElo "1938"]
[BlackElo "1720"]
[PlyCount "41"]
[EventDate "2021.04.22"]
[EventType "tourn"]
[EventRounds "6"]
[EventCountry "CAN"]

1. c4 b6 2. d4 e6 3. Nc3 Bb7 4. e3 Bb4 5. Qb3 c5 6. a3 Bxc3+ 7. Qxc3 Qf6 8. Bd2
d6 9. dxc5 dxc5 10. Qxf6 Nxf6 11. f3 Nc6 12. O-O-O O-O-O 13. Bc3 a5 14. Bd3 e5
15. Nh3 h6 16. Nf2 Kc7 17. Ne4 Nxe4 18. Bxe4 f6 19. Bd5 Ne7 20. e4 Nc6 21. Bxc6
1/2-1/2

[Event "Montcalm 5 2020-21 Online"]
[Site "Quebec CAN"]
[Date "2021.05.06"]
[Round "3"]
[White "Oliver, Vance"]
[Black "Bolduc, Steve"]
[Result "0-1"]
[WhiteElo "1633"]
[BlackElo "2212"]
[PlyCount "48"]
[EventDate "2021.04.22"]
[EventType "tourn"]
[EventRounds "6"]
[EventCountry "CAN"]

1. Nf3 Nf6 2. g3 b6 3. Bg2 Bb7 4. O-O c5 5. d3 e6 6. e4 d6 7. Nbd2 Be7 8. Re1
Nc6 9. c3 Qd7 10. Nb3 O-O 11. d4 cxd4 12. cxd4 a5 13. Bf4 Rfc8 14. h4 Nb4 15.
Rc1 Nxa2 16. Rxc8+ Rxc8 17. e5 Nd5 18. Bg5 Nab4 19. Bxe7 Qxe7 20. exd6 Qxd6 21.
Ng5 Qe7 22. Qf3 Rc7 23. Bh3 Nf6 24. Qe3 Nc2 0-1

[Event "Montcalm 5 2020-21 Online"]
[Site "Quebec CAN"]
[Date "2021.05.06"]
[Round "3"]
[White "Sauve, Richard"]
[Black "Fecteau, Martin"]
[Result "0-1"]
[WhiteElo "1968"]
[BlackElo "1992"]
[PlyCount "126"]
[EventDate "2021.04.22"]
[EventType "tourn"]
[EventRounds "6"]
[EventCountry "CAN"]

1. d4 d5 2. c4 c6 3. Nc3 Nf6 4. Nf3 a6 5. e3 Bg4 6. Qb3 b5 7. cxd5 Bxf3 8. gxf3
cxd5 9. Bd2 e6 10. Rc1 Be7 11. Bg2 Nbd7 12. e4 Nb6 13. e5 Nh5 14. f4 g6 15. O-O
O-O 16. Ne2 Nc4 17. Bb4 Qd7 18. Bxe7 Qxe7 19. Qc2 Rac8 20. b3 Nb6 21. Qd2 b4
22. Rxc8 Rxc8 23. Rc1 a5 24. Rxc8+ Nxc8 25. Qc2 Qd8 26. Qc5 Ne7 27. Bf3 Ng7 28.
Ng3 h5 29. Nf1 Nef5 30. Ne3 Qh4 31. Ng2 Qh3 32. Be2 Qc3 33. Qxa5 Nxd4 34. Bd1
Qd2 35. Ne3 Ndf5 36. Qd8+ Kh7 37. Bf3 Nxe3 38. fxe3 Qxe3+ 39. Kg2 Qxf4 40. Qe7
g5 41. Qf6 Qxf6 42. exf6 Ne8 43. Bxh5 Nxf6 44. Bxf7 e5 45. Kg3 Kg7 46. Be6 Kf8
47. h4 gxh4+ 48. Kxh4 Ke7 49. Bf5 Kd6 50. Kg5 Ne4+ 51. Kg4 Nc3 52. Kf3 Nxa2 53.
Ke3 Nc1 54. Bc2 Kc5 55. Bd1 Na2 56. Bc2 Nc3 57. Bf5 Nb5 58. Bc2 Nd4 59. Bd1
Nf5+ 60. Kd3 e4+ 61. Kd2 Kd4 62. Bh5 Ke5 63. Bf7 Nd4 0-1

[Event "Montcalm 5 2020-21 Online"]
[Site "Quebec CAN"]
[Date "2021.05.13"]
[Round "4"]
[White "Auger, Bertrand"]
[Black "Oliver, Vance"]
[Result "1-0"]
[WhiteElo "1872"]
[BlackElo "1633"]
[PlyCount "63"]
[EventDate "2021.04.22"]
[EventType "tourn"]
[EventRounds "6"]
[EventCountry "CAN"]

1. Nf3 Nf6 2. g3 g6 3. b4 Bg7 4. Bb2 O-O 5. Bg2 d6 6. d3 e5 7. Nbd2 Nbd7 8. c4
Qe7 9. Qc2 a5 10. b5 Nc5 11. O-O Bf5 12. Nh4 Bd7 13. a4 Rad8 14. Bc3 b6 15. e3
Bc8 16. d4 exd4 17. exd4 Nb7 18. Rae1 Qd7 19. f4 d5 20. Nhf3 Qf5 21. Qb2 dxc4
22. Re5 Qd7 23. Ng5 Ne8 24. Bc6 Qg4 25. Bf3 Qd7 26. Rd5 Nbd6 27. Nxc4 Bb7 28.
Ne5 Bxe5 29. dxe5 Bxd5 30. Bxd5 Nxb5 31. Bxf7+ Rxf7 32. e6 1-0

[Event "Montcalm 5 2020-21 Online"]
[Site "Quebec CAN"]
[Date "2021.05.13"]
[Round "4"]
[White "Bolduc, Steve"]
[Black "Marquis, Paul"]
[Result "1-0"]
[WhiteElo "2212"]
[BlackElo "1938"]
[PlyCount "79"]
[EventDate "2021.04.22"]
[EventType "tourn"]
[EventRounds "6"]
[EventCountry "CAN"]

1. d4 g6 2. c4 Nf6 3. Nc3 Bg7 4. e4 d6 5. Be2 O-O 6. Bg5 Na6 7. Qd2 e5 8. d5
Qe8 9. h4 h5 10. f3 Nh7 11. Be3 f5 12. Nh3 f4 13. Bf2 Bf6 14. O-O-O Qe7 15.
Rdg1 Rf7 16. g3 Bxh3 17. Rxh3 Nf8 18. g4 Rh7 19. Bf1 b6 20. Rhh1 Nc5 21. Kc2
Bg7 22. Bh3 Ncd7 23. gxh5 Rxh5 24. Bg4 Rh6 25. h5 g5 26. Bf5 Nh7 27. Be1 Ndf6
28. Bg6 Nf8 29. Rxg5 Nxg6 30. Rxg6 Rxh5 31. Rhg1 Ne8 32. Qg2 Rh7 33. Kb1 Rd8
34. Nb5 Ra8 35. Qg4 a6 36. Na3 Rd8 37. Nc2 Qd7 38. Qg5 Rh3 39. Re6 Qf7 40. Qxd8
1-0

[Event "Montcalm 5 2020-21 Online"]
[Site "Quebec CAN"]
[Date "2021.05.13"]
[Round "4"]
[White "Dube, Daniel"]
[Black "Sauve, Richard"]
[Result "0-1"]
[WhiteElo "1720"]
[BlackElo "1968"]
[PlyCount "96"]
[EventDate "2021.04.22"]
[EventType "tourn"]
[EventRounds "6"]
[EventCountry "CAN"]

1. e4 e6 2. d4 d5 3. Nc3 Nf6 4. Bg5 Bb4 5. e5 h6 6. Bd2 Bxc3 7. bxc3 Ne4 8. Qg4
g6 9. Bd3 Nxd2 10. Kxd2 c5 11. h4 Qa5 12. Nf3 Nc6 13. Qf4 cxd4 14. Nxd4 Nxd4
15. Qxd4 Bd7 16. h5 g5 17. g4 O-O-O 18. Rhf1 Kb8 19. f4 gxf4 20. Rxf4 Be8 21.
Rb1 Rc8 22. Qb4 Qxb4 23. Rfxb4 Rc7 24. Ba6 Bc6 25. a4 Ka8 26. Bb5 Bxb5 27. axb5
Rhc8 28. R1b3 Rc4 29. Rxc4 dxc4 30. Rb4 Rc5 31. g5 Kb8 32. gxh6 Rxe5 33. b6
axb6 34. Rxc4 Rxh5 35. Rf4 f5 36. h7 Rxh7 37. Rb4 Kc7 38. Rf4 Kd6 39. Rd4+ Ke5
40. Rb4 f4 41. Rxb6 Kf5 42. Ke2 e5 43. Rb5 Rh2+ 44. Kd3 Rh3+ 45. Kd2 Ke4 46.
Rb4+ Kf3 47. Kd3 Rh7 48. Kd2 e4 0-1

[Event "Montcalm 5 2020-21 Online"]
[Site "Quebec CAN"]
[Date "2021.05.13"]
[Round "4"]
[White "Dumont, Eric"]
[Black "Fecteau, Martin"]
[Result "1/2-1/2"]
[WhiteElo "1769"]
[BlackElo "1992"]
[PlyCount "111"]
[EventDate "2021.04.22"]
[EventType "tourn"]
[EventRounds "6"]
[EventCountry "CAN"]

1. d4 d5 2. Bf4 Bf5 3. e3 e6 4. Nd2 Nf6 5. Ngf3 h6 6. h3 Nbd7 7. c4 c6 8. Qb3
Qb6 9. c5 Qxb3 10. axb3 Be7 11. Be2 O-O 12. O-O Rfc8 13. Ra2 a6 14. Rfa1 Bd8
15. b4 Bc7 16. Bxc7 Rxc7 17. b5 cxb5 18. Bxb5 Rac8 19. Be2 Nb8 20. Ne5 Nfd7 21.
Nxd7 Rxd7 22. b4 Rdc7 23. b5 axb5 24. Bxb5 Nc6 25. Bxc6 bxc6 26. Ra8 Bd3 27.
R1a7 Rxa8 28. Rxa8+ Kh7 29. Nf3 Be2 30. Rb8 Bxf3 31. gxf3 Kg6 32. Rb6 Kf5 33.
Kg2 e5 34. Kg3 exd4 35. exd4 g5 36. Ra6 h5 37. Ra8 h4+ 38. Kg2 Re7 39. Rc8 Re6
40. Rc7 Kg6 41. Rc8 Kg7 42. Rd8 Rf6 43. Re8 Rf4 44. Rc8 Rxd4 45. Rxc6 Rc4 46.
Rc8 Kf6 47. c6 Ke6 48. c7 Kd7 49. Rd8+ Kxc7 50. Rxd5 f6 51. Rf5 Rf4 52. Rxf4
gxf4 53. Kf1 Kd6 54. Ke2 Kd5 55. Kd3 f5 56. Kc3 1/2-1/2

[Event "Montcalm 5 2020-21 Online"]
[Site "Quebec CAN"]
[Date "2021.05.20"]
[Round "5"]
[White "Fecteau, Martin"]
[Black "Dube, Daniel"]
[Result "0-1"]
[WhiteElo "1992"]
[BlackElo "1720"]
[PlyCount "70"]
[EventDate "2021.04.22"]
[EventType "tourn"]
[EventRounds "6"]
[EventCountry "CAN"]

1. d4 f5 2. Nf3 Nf6 3. g3 g6 4. Bg2 Bg7 5. O-O O-O 6. c4 d6 7. Nc3 Nc6 8. Re1
Ne4 9. e3 Nxc3 10. bxc3 e5 11. Rb1 e4 12. Nd2 g5 13. Qc2 g4 14. Ba3 Rf6 15. c5
d5 16. c4 Ne7 17. cxd5 Nxd5 18. Nc4 Rh6 19. Rb3 b6 20. Ne5 Bxe5 21. dxe5 Qe8
22. cxb6 axb6 23. Bb2 Rxa2 24. Ra1 Rxa1+ 25. Bxa1 Be6 26. Rb1 c5 27. Bf1 Nb4
28. Qc3 Qh5 29. h4 gxh3 30. Kh2 Qf3 31. Qd2 Nd3 32. Rxb6 Qxf2+ 33. Qxf2 Nxf2
34. Bc4 Ng4+ 35. Kh1 Bxc4 0-1

[Event "Montcalm 5 2020-21 Online"]
[Site "Quebec CAN"]
[Date "2021.05.20"]
[Round "5"]
[White "Marquis, Paul"]
[Black "Auger, Bertrand"]
[Result "1-0"]
[WhiteElo "1938"]
[BlackElo "1872"]
[PlyCount "97"]
[EventDate "2021.04.22"]
[EventType "tourn"]
[EventRounds "6"]
[EventCountry "CAN"]

1. c4 c5 2. Nc3 Nf6 3. g3 g6 4. Bg2 Bg7 5. e4 Nc6 6. Nge2 O-O 7. O-O d6 8. h3
Rb8 9. d3 a6 10. f4 Bd7 11. Be3 Qc8 12. Kh2 b5 13. Qd2 b4 14. Nd5 Nxd5 15. cxd5
Na5 16. Rac1 Bb5 17. b3 Nb7 18. d4 f5 19. e5 c4 20. bxc4 Bxc4 21. Qxb4 Bxe2 22.
Rxc8 Rfxc8 23. Rb1 Bd3 24. Rb2 Rc7 25. Qb6 Rbc8 26. Kg1 Bf8 27. Bf1 Be4 28.
Bxa6 Bxd5 29. exd6 exd6 30. Qb4 Re8 31. Kf2 Ree7 32. a4 Rc8 33. Bd3 Ra8 34. Bc4
Bf7 35. Bxf7+ Rxf7 36. Qc4 Rb8 37. a5 d5 38. Qxd5 Rd8 39. Qxf7+ Kxf7 40. Rxb7+
Ke6 41. a6 Ra8 42. a7 Bd6 43. Rxh7 Kd5 44. Rg7 Rc8 45. Rxg6 Rc2+ 46. Kf3 Ra2
47. Rf6 Rxa7 48. Rxf5+ Ke6 49. d5+ 1-0

[Event "Montcalm 5 2020-21 Online"]
[Site "Quebec CAN"]
[Date "2021.05.20"]
[Round "5"]
[White "Oliver, Vance"]
[Black "Dumont, Eric"]
[Result "0-1"]
[WhiteElo "1633"]
[BlackElo "1769"]
[PlyCount "58"]
[EventDate "2021.04.22"]
[EventType "tourn"]
[EventRounds "6"]
[EventCountry "CAN"]

1. Nf3 Nf6 2. g3 d5 3. Bg2 g6 4. d3 Bg7 5. Nbd2 O-O 6. O-O Re8 7. c3 c6 8. e4
e5 9. Re1 Bg4 10. h3 Bxf3 11. Qxf3 Nbd7 12. Nf1 Nc5 13. exd5 cxd5 14. Bg5 Qb6
15. Qe2 Rad8 16. Ne3 e4 17. dxe4 dxe4 18. Rad1 Nd3 19. Nc4 Qc5 20. Bxf6 Bxf6
21. Ne3 Nxe1 22. Rxe1 b5 23. Qc2 Bg5 24. Bxe4 Qe7 25. Bd3 Qd6 26. Bxb5 Rxe3 27.
Be2 Rxg3+ 28. fxg3 Qxg3+ 29. Kf1 Qxh3+ 0-1